1771 1976 1645 1358 1291 1425 1494 1801 1740 1449 1216 1402 1518 1408 1954 1118 1398 1551 1797 1603 1195 1176 1314 1335 1936 1753 1205 1661 1516 1726 1804 1195 1938 1244 1655 1823 1874 1541 1977 1241 1661 1065 1149 1589 1796 1136 1159 1801 1077 1831 1892 1583 1652 1954 2000 1541 1189 1526 1333 1005 1429 1728 1473 1685 1574 1282 1168 1232 1989 1450 1381 1648 1598 1911 1288 1059 1057 1305 1316 1080 1506 1357 1228 1495 1775 1204 1937 1728 1026 1465 1554 1032 1311 1141 1328 1518 1586 1508 1465 BCNSPRNW ULIB Ver.6.0+V

เปลี่ยนเป็นภาษาไทย

Change to English
 แสดงรายละเอียดบรรณานุกรม
  กลับหน้าหลัก

Brief Record : Get Marc (ISO 2709) : E-mail record : QR code < ปิดหน้าต่าง
LEADER : 00000nam 2200000uu 4500
001    13399112611
003     ULIB
008    110712s2550||||th 000 0 tha d
020    9742131279
060 04 WY157^bป467ก 2550
100 0  ปราณี พงศ์ไพบูลย์
245    การพยาบาลระยะหลังคลอด /^cปราณี พงศ์ไพบูลย์
250    พิมพ์ครั้งที่ 2
260    กรุงเทพฯ :^bศูนย์สื่อเสริมกรุงเทพ,^c2550
300    184 หน้า
650  7 กระบวนการพยาบาลสำหรับหญิงระยะหลังคลอด
650  7 การคลอด^xการพยาบาล
650  7 การแบ่งระยะหลังคลอด
650  7 การเปลี่ยนแปลงทางกายของผู้หญิงระยะหลังคลอด
650  7 การเปลี่ยนแปลงทางจิตสังคมของหญิงระยะหลังคลอด
650  7 การพยาบาลระยะหลังคลอด
650  7 แบบแผานสุขภาพหลังคลอด
650  7 ภาวะหลังคลอด
945    ^p75^l0^i020364
945    ^p75^l0^i024292
945    ^p75^l0^i024293
945    ^p75^l0^i024294
945    ^p75^l0^i026008
995    ทศพร
999    ^aใช้งานได้ทุกระบบ
รายการนี้ยังไม่มีแท็ก
คุณยังไม่ได้ล็อกอิน คุณสามารถมีกิจกรรมร่วมกับเว็บไซต์ได้ แต่ต้องล็อกอินก่อน ::
  ล็อกอิน

รายการสื่อสารสนเทศ

ลำดับที่ ประเภท เลขเรียก/บาร์โค้ด สถานที่ สถานะ
- ไม่พบข้อมูล -

BibComment


ยังไม่เคยถูกคอมเมนท์

คอมเมนท์ทรัพยากรรายการนี้
  คอมเมนท์: การพยาบาลระยะหลัง..


 Copyright 2026. Bcnsprnw @Library